LIBRARY & INFORMATION CENTRE, KCAET, TAVANUR

ONLINE PUBLIC ACCESS CATALOGUE (OPAC)

Solutions of problems in heat engines and thermodynamics / (Record no. 3143)

MARC details
000 -LEADER
fixed length control field 00434cam a2200169ua 4500
041 ## - LANGUAGE CODE
Language code of text/sound track or separate title eng
082 ## - DEWEY DECIMAL CLASSIFICATION NUMBER
Classification number 621.4025
Item number SHA/SO
100 ## - MAIN ENTRY--AUTHOR NAME
Personal name Shahane, .
245 ## - TITLE STATEMENT
Title Solutions of problems in heat engines and thermodynamics /
260 ## - PUBLICATION, DISTRIBUTION, ETC. (IMPRINT)
Place of publication Delhi :
Name of publisher Lachman book service ,
Year of publication 1963.
300 ## - PHYSICAL DESCRIPTION
Number of Pages ; .
942 ## - ADDED ENTRY ELEMENTS (KOHA)
Koha item type Books
Holdings
Withdrawn status Lost status Damaged status Home library Current library Date acquired Full call number Accession Number Koha item type Cost, normal purchase price
      KAUAET KAUAET 07/04/2012 621.4025 3068 Books  
Withdrawn   Damaged KAUAET KAUAET 08/11/2019 621.4025 SHA/SO 3069 Books 6.00
free website counter